000 00270pab a2200109 454500
008 180718b xxu||||| |||| 00| 0 eng d
100 _aSahay, K.B.
245 _aSea of number: Malthusian decline on the cards?
650 _aPopulation
773 _aStatesman
909 _a23511
999 _c23511
_d23511